El fenómeno de la vida

Guardat en:
Dades bibliogràfiques
Autor principal: Varela García, Francisco Javier (autor)
Format: Llibre
Idioma:espanyol
Publicat: Caracas Dolmen 2000
Col·lecció:Ensayo
Matèries:
Etiquetes: Afegir etiqueta
Sense etiquetes, Sigues el primer a etiquetar aquest registre!

MARC

LEADER 00000nam a2200000 a 4500
001 UCN2044
003 CL-VaPUC
008 010511e20000000VE |||||||||||||||||spa|d
082 0 4 |a 570  |b VAR  |2 21 
100 |a Varela García, Francisco Javier  |e autor  |9 563379 
245 1 3 |a El fenómeno de la vida 
300 |a 474 p 
942 |c BK 
945 |d 20010511 00:00:00  |a vberengu 
260 |a Caracas  |b Dolmen  |c 2000 
650 0 |a Origen de la vida  |9 262152 
650 0 |a Evolución  |9 259442 
650 0 |a Vida  |9 266033 
650 0 |a Ciencias de la vida  |9 314137 
650 0 |a Cognición   |9 270347 
650 0 |a Mente  |9 330838 
650 0 |a Conciencia  |9 309452 
650 7 |a CIENCIAS COGNITIVAS  |2 CL-VaPUC  |9 457589 
583 |a last modification  |c 20010511 00:00:00  |k Rodrigo Vera 
490 0 |a Ensayo 
999 |c 295204  |d 295202 
952 |0 0  |1 0  |4 0  |6 570_000000000000000_VAR_2000  |7 0  |8 A  |9 348138  |a BIBARQ  |b BIBARQ  |d 2019-11-20  |i 3751430  |o 570 VAR 2000  |p 3751430  |r 2025-01-20  |w 2019-11-20  |y BK  |k ARQ